书目信息 |
| 题名: |
世界文明中的作物迁徙
|
|
| 作者: | 白馥兰 , 哈恩 , 卢杜萨米 , 萨拉瓦 著 ;于楠 译 | |
| 分册: | ||
| 出版信息: | 北京 中国科学技术出版社 2024.09 |
|
| 页数: | 428页 | |
| 开本: | 24cm | |
| 丛书名: | ||
| 单 册: | ||
| 中图分类: | S5-091 | |
| 科图分类: | ||
| 主题词: | 作物--zuo wu--农业史--世界 | |
| 电子资源: | ||
| ISBN: | 978-7-5236-0768-8 | |
| 000 | 01562nam0 2200337 450 | |
| 001 | 94600 | |
| 005 | 20250820174944.02 | |
| 010 | @a978-7-5236-0768-8@b精装@dCNY89.00 | |
| 100 | @a20240929d2024 em y0chiy50 ea | |
| 101 | 1 | @achi@ceng@cinc |
| 102 | @aCN@b110000 | |
| 105 | @aa a 000yy | |
| 106 | @ar | |
| 200 | 1 | @a世界文明中的作物迁徙@Ashi jie wen ming zhong de zuo wu qian xi@f(英) 白馥兰 ... [等] 著@d= Moving crops and the scales of history@fFrancesca Bray@g于楠译@zeng |
| 210 | @a北京@c中国科学技术出版社@d2024.09 | |
| 215 | @a428页@c图@d24cm | |
| 300 | @a中科书院 技术史学会埃德尔斯坦奖 世界历史协会本特利图书奖 | |
| 304 | @a题名页题其余责任者: 芭芭拉·哈恩, 约翰·博斯克·卢杜萨米, 蒂亚戈·萨拉瓦 | |
| 314 | @a白馥兰 (Francesca Bray), 当代国际汉学界、社会人类学界、科技史学界的重要学者, 师承李约瑟。 | |
| 320 | @a有书目 (第369-424页) | |
| 330 | @a本书主要反对了史学界被欧洲中心主义统治的现象, 采取了多文明比较的视野, 对中国的粟种植, 轮种, 农作物多样化交口称赞。本书作者对植物的物性进行了历史性剖析。通过详细解剖植物变成作物后, 文化和意义层面的转变, 探究农业对人类的影响。 | |
| 500 | 10 | @aMoving crops and the scales of history@mChinese |
| 606 | 0 | @a作物@Azuo wu@x农业史@y世界 |
| 690 | @aS5-091@v5 | |
| 701 | 1 | @a白馥兰@Abai fu lan@g(Bray, Francesca)@4著 |
| 701 | 1 | @a哈恩@Aha en@g(Hahn, Barbara)@4著 |
| 701 | 1 | @a卢杜萨米@Alu du sa mi@g(Lourdusamy, John Bosco)@4著 |
| 701 | 1 | @a萨拉瓦@Asa la wa@g(Saraiva, Tiago)@4著 |
| 702 | 0 | @a于楠@Ayu nan@4译 |
| 801 | 0 | @aCN@c20250909 |
| 905 | @a河南城建学院图书馆@dS5-091@eB110@f1 | |
| 世界文明中的作物迁徙/(英) 白馥兰 ... [等] 著= Moving crops and the scales of history/Francesca Bray/于楠译.-北京:中国科学技术出版社,2024.09 |
| 428页:图;24cm |
| 中科书院 技术史学会埃德尔斯坦奖 世界历史协会本特利图书奖 |
| ISBN 978-7-5236-0768-8(精装):CNY89.00 |
| 本书主要反对了史学界被欧洲中心主义统治的现象, 采取了多文明比较的视野, 对中国的粟种植, 轮种, 农作物多样化交口称赞。本书作者对植物的物性进行了历史性剖析。通过详细解剖植物变成作物后, 文化和意义层面的转变, 探究农业对人类的影响。 |
| ● |
| 相关链接 |
|
|
|
正题名:世界文明中的作物迁徙
索取号:S5-091/B110
 
预约/预借
| 序号 | 登录号 | 条形码 | 馆藏地/架位号 | 状态 | 备注 |
| 1 | 1628806 | 216288069 | 自科库401/ [索取号:S5-091/B110] | 在馆 |